00638cam a22002053a 45000010005000000030006000050050017000110080041000280400015000690420007000840500006000912450071000972600029001685060030001975160020002276530067002476530049003148300028003638560041003915214PGUSA20140828083115.0040301s2004||||xxu|||||s|||||000 | eng d aPGUSAbeng adc 4aU10aFilm :bthe Bikini Island BAKER Atomic Testh[electronic resource] bProject Gutenberg,c2004 aPublic domain in the USA. aElectronic text aNuclear weapons -- Marshall Islands -- Bikini Atoll -- Testing aOperation Crossroads, Marshall Islands, 1946 0aProject Gutenbergv521440uhttp://www.gutenberg.org/ebooks/5214